000 01116cam a22001934a 4500
005 20250605164054.0
008 250528s ||||||||||||||||||||||||d
035 _a17394
020 _a256070121
040 _aGR-AtMCL
_bgre
_dGR-AtMCL
_eAACR2
245 1 _aMicroeconomic Analysis / Markets and Dynamics
260 _bIrwin Mcgraw-Hill,
_c1992
300 _a858
520 _aIntroduction and Review, Thinking Like a Microeconomist, Scarcity and Competition, Consumer Analysis and Applications, Consumer Preferences, Budget Set and Choice, Comparative Statics Calculations, Choices Involving the Future, Uncertainty and Choice under Risk, Production and Cost and Supply, Modelling Production, Production Efficiency, Competitive Market-Level Analysis, Perfect Competition at the Market Level, Input Factor Markets, Competition as a Process, The Markets for a Commodity, Reasonably Competitive Markets, Dynamics and Efficiency, Monopolized Markets, Simple Monopoly, Price Discrimination, Product Theory, Product Quality.
700 1 _aDenzau T. Arthur
_93550
942 _cBK
999 _c2817
_d2817